000 00492nam a2200181Ia 4500
008 131103s9999 xx 000 0 und d
040 _aLoreto College
041 _aEnglish
082 _aREF
_bLCBED/8053
100 _aWatson, Jane Werner
245 _aWalt Disney's people and places
_cJane Werner WatsonHo
260 _aHolland
_bPurnell
_c1959
300 _a176p.
_b ill., maps
_c 24cm.
440 _aMotion picture series
650 _aGeography
850 _aLCBED/REF
942 _cBK
999 _c31033
_d81512